| 000 | 004190000a22001690004500 | ||
|---|---|---|---|
| 041 | 0 | _aSPA | |
| 082 | 0 | 4 | _aG 266.0092 T4821p |
| 100 | 1 | _aThomson, Diego | |
| 245 | 1 | 0 | _aPrecursores evangélicos / Diego Thomson |
| 260 | _aLima, Peru : Presencia | ||
| 300 | _a172 Pag | ||
| 001 | 7513 | ||
| 942 | _cBK | ||
| 999 |
_c37724 _d37724 |
||
| 336 |
_atexto _btxt _2rdacontent |
||
| 337 |
_2rdamedia _asin mediación _bn |
||
| 338 |
_2rdacarrier _avolumen _bnc |
||